[Event "FRA-ch op-D"]
[Site "Caen"]
[Date "2011.08.16"]
[Round "1"]
[White "Cepisul, Karen"]
[Black "Piot, Gonzague"]
[Result "1-0"]
[WhiteElo "1370"]
[BlackElo "1499"]
[PlyCount "69"]
[EventDate "2011.08.16"]
[EventType "swiss"]
[EventRounds "9"]
[EventCountry "FRA"]
[SourceTitle "EXT 2012"]
[Source "ChessBase"]
[SourceDate "2011.11.24"]
[SourceVersion "1"]
[SourceVersionDate "2011.11.24"]
[SourceQuality "1"]

1. d4 e6 2. c4 Nc6 3. Nc3 Nf6 4. Bg5 h6 5. Bh4 Bb4 6. e3 g5 7. Bg3 a5 8. Nf3 Qe7 9. Bd3 Nh5 10. Bxc7 d6 11. Bb6 g4 12. Nd2 e5 13. 0-0 Be6 14. Qa4 g3 15. d5 Rc8 16. dxc6 Qh4 17. c7+ Kf8 18. Nf3 gxh2+ 19. Nxh2 Rg8 20. Be4 Ra8 21. g3 Qh3 22. Bg2 Qf5 23. g4 Qg5 24. Ne4 Qg6 25. a3 Ra6 26. Qb5 Ra8 27. axb4 Bxg4 28. Nxg4 Qxg4 29. Ng3 Ke7 30. Qd5 a4 31. Rad1 Nf6 32. Qxd6+ Ke8 33. Qxf6 Kf8 34. Bc5+ Ke8 35. Qe7# 1-0